Statistiques concernant Savez-vous tous sur la saga Twilight ?

Cliquez ici pour prendre le quiz!

Statistiques générales

  • Ce quiz a été pris 2 308 fois
  • Le résultat moyen est 12 sur 15

Statistiques - réponses

QuestionRéponse% Correct
Quelle est le nom du personnage principal ?Isabella
100%
Qui est Alice Cullen ?Une vampire
99%
Quelle est le prénom du père de Bella ?Charlie
98%
Quelle est le métier de Carlisle Cullen ?Médecin
90%
Quelle est le pouvoir de Jasper Hale ?De contrôler les émotions
85%
Qui a écrit la saga Twilight ?Stéphanie Meyer
84%
Que ce passe-t-il dans le chapitre 1 ?Le personnage principale ce fait poursuivre par un traqueur qui veut la tuer.
83%
Comment Isabella Swan devient un vampire ?En accouchant de Renésmée
79%
Qui n'est pas un loup-garou ?Tyler
75%
Qui joue Rosalie Hale ?Nikki Reed
71%
Où partent Bella et Edward en Lune de Miel ?Sur l'île d'Esmé
71%
Comment s'appelle le deuxième chapitre de cette saga ?tentation
68%
Quelle âge à Edward Cullen ?117 ans
64%
Qui est Bree Tanner ?Une nouveau-née
63%
Quand est l'anniversaire de Bella ?13 septembre
44%

Distribution des résultats

Percentile par nombre de réponses

% des personnes avec chaque résultat

Votre développement - résultats

Vous n’avez pas pris ce quiz